00754 2200241 4500001002100000005001700021008004100038020001800079035002500097040001200122082000800134084001600142245012000158250001700278260006600295300003100361500002500392650002200417700002100439700002200460850001200482990001800494INLIS00000000001933920160418112309.0  a979-9246-81-4 a0010-041600000000343 aYOPDYOG a306 aNUS 306 Mas aMASYARAKAT Melayu dan budaya Melayu dalam perubahanc/ Koentjaraningrat...[et al] ; editor Heddy Shri Ahimsa-Putra. aEd.1, cet.1. aYogyakartabBalai Kajian dan Pengembangan Budaya Melayuc2007 a877 hlm.b: ilus.c; 23 cm aTermasuk bibliografi aKebudayaan Melayu aKoentjaraningrat aHeddy Shri Ahimsa aYOPDYOG a51163-PD/A.16